00731nam a2200193 a 450000500170000000800410001704000270005804100080008508200170009311001040011024500800021426000810029430000180037550000540039365000160044765000170046365000230048070000340050320170726020002.0160331b1972 ck ||||| |||| 00| 0 spa d aCO-BoIAVH cCO-BoIAVH  aspa14a639.31bP67f2 aUniversidad de Caldas. bFacultad de Medicina Veterinaria y Zootecnia. Sección de Piscicultura. 10aFundamentos de la piscicultura agrícola /csinopsis de Alonso Ramos Henao aManizales:bUniversidad de Caldas,bComité de Cafeteros de Caldas, c1972. a56 páginas. aPublicación del Comité de Cafeteros de Caldas16aAcuicultura16aPiscicultura14aGuías técnicas1 aRamos Henao, Alonsoesinopsis